Tous les jeux Call Of Duty - Statistiques

Statistiques générales
  • Ce quiz a été pris 79 fois
  • Le résultat moyen est 13 sur 21
Statistiques - réponses
Date Jeux % Correct
29 Octobre 2003 Call Of Duty
100%
9 Novembre 2010 Call Of Duty : Black Ops
92%
25 Octobre 2019 Call Of Duty : Modern Warfare
82%
13 Novembre 2012 Call Of Duty Black Ops II
80%
6 Novembre 2015 Call Of Duty : Black Ops III
80%
10 Novembre 2009 Call Of Duty : Modern Warfare 2
75%
28 Octobre 2022 Call Of Duty : Modern Warfare 2
75%
12 Octobre 2018 Call Of Duty : Black Ops IIII
73%
25 Octobre 2005 Call Of Duty 2
72%
8 Novembre 2011 Call Of Duty : Modern Warfare 3
72%
10 Novembre 2023 Call Of Duty : Modern Warfare 3
72%
25 Octobre 2024 Call Of Duty : Black Ops 6
60%
11 Novembre 2008 Call Of Duty : World At War
58%
4 Novembre 2014 Call Of Duty : Advanced Warfare
55%
5 Novembre 2013 Call Of Duty : Ghosts
52%
4 Novembre 2016 Call Of Duty : Infinite Warfare
52%
13 Novembre 2020 Call Of Duty : Black Ops Cold War
38%
5 Novembre 2021 Call Of Duty : Vanguard
37%
6 Novembre 2007 Call Of Duty 4 : Modern Warfare
25%
3 Novembre 2017 Call Of Duty : WWII
22%
7 Novembre 2006 Call Of Duty 3 : En Marche Vers Paris
2%
Aucun quiz correspondant
Distribution des résultats
% des personnes avec chaque résultat
Percentile par nombre de réponses
Votre historique - résultats
Vous n’avez pas pris ce quiz